MDQL
is popping MORE tags! Check the
thread
!
Quizzes
Events
Quiz Creation
Community
Videos
Private Events
Remove Ads
Sign In
Join for FREE
Feedback
Dark Mode
Quiz Categories
Sports
Geography
Music
Movies
Television
Just For Fun
Miscellaneous
History
Literature
Language
Science
Gaming
Entertainment
Religion
Holiday
For Kids
Quiz Lab
Recent
Popular Today
Quiz Kudos Today
Editor Picks
Curator Picks
Quizzes by...
Day
Popularity
Type
Ratings
Length
Year
Community
Subscriptions
Recent Discussions
Orange Saloon
Badges
Playlists
Quests
Create
Leaderboards
Showdown
Live 5
Trivia Bingo
Activity
Puzzle Library
Sporcle Events
Private Events
Virtual Trivia
Globe League
Become a Host
Pub Owners
SporcleCon
Opinionation
Our Games
Videos
Blog
Mobile Apps
Partnerships
Remove Ads and Go Orange
Feedback
Music
Pop Music
The Beatles
Song
Album
Lyrics
Bands
Singers
Artist
Clip
Rock
Rap
Classical
Billboard
Country Music
Kpop
Taylor Swift
Music
Pop Music
The Beatles
Song
Album
Lyrics
Bands
Singers
Artist
Clip
Rock
Rap
Classical
Billboard
Country Music
Kpop
Taylor Swift
Random Quiz
Search Sporcle
×
Quiz Lab
Quiz Lab
Music
Lyrics
Type in answers that appear in a list
Type in answers that appear in a list
Classic
Best Score? Go Orange.
Six Degrees Of Separartion Lyrics Stats
Can you name the Script's Lyrics To Six Degrees Of Seperation?
By
rockford1111
10m
281 Questions
750 Plays
750 Plays
750 Plays
Comments
Comments
Give Quiz Kudos
Give Quiz Kudos
-
- Ratings
hide this ad
Replay
Link that replays current quiz
Next Quiz
Link to next quiz in quiz playlist
You Got
0%
They Got
Avg Score
80%
Avg Friend Score
Upgrade to see
Score Distribution
Jump to the score distribution portion of the page
Score
0/281
Timer
10:00
0
Plays Today
% Correct
the
99.2%
the
99.2%
the
99.2%
the
99.2%
the
99.2%
the
99.2%
the
99.2%
the
99.2%
the
99.2%
the
99.2%
the
99.2%
the
99.2%
the
99.2%
the
99.2%
the
99.2%
the
99.2%
you
99.1%
you
99.1%
you
99.1%
you
99.1%
you
99.1%
you
99.1%
you
99.1%
you
99.1%
you
99.1%
you
99.1%
you
99.1%
you
99.1%
you
99.1%
you
99.1%
you
99.1%
a
98%
a
98%
a
98%
a
98%
a
98%
a
98%
six
95.7%
six
95.7%
six
95.7%
your
94.5%
your
94.5%
your
94.5%
your
94.5%
your
94.5%
your
94.5%
go
94%
go
94%
an
93.7%
first
93.3%
first
93.3%
whats
93.2%
whats
93.2%
whats
93.2%
youve
92.7%
youve
92.7%
youve
92.7%
you've
92.7%
youve
92.7%
is
92.5%
is
92.5%
is
92.5%
is
92.5%
is
92.5%
is
92.5%
is
92.5%
is
92.5%
is
92.5%
of
92.3%
of
92.3%
and
92.3%
and
92.3%
of
92.3%
of
92.3%
and
92.3%
and
92.3%
and
92.3%
and
92.3%
of
92.3%
of
92.3%
and
92.3%
and
92.3%
and
92.3%
of
92.3%
no
91.7%
no
91.7%
no
91.7%
no
91.7%
no
91.7%
when
91.6%
when
91.6%
when
91.6%
when
91.6%
when
91.6%
% Correct
second
91.5%
second
91.5%
think
91.1%
think
91.1%
think
91.1%
think
91.1%
third
90.9%
third
90.9%
degree
90.3%
youre
89.9%
out
89.9%
youre
89.9%
youre
89.9%
youre
89.9%
out
89.9%
youre
89.9%
part
89.9%
youre
89.9%
out
89.9%
youre
89.9%
out
89.9%
youre
89.9%
part
89.9%
youre
89.9%
out
89.9%
heart
89.6%
heart
89.6%
know
89.6%
degrees
89.3%
degrees
89.3%
degrees
89.3%
broken
89.2%
broken
89.2%
up
88.9%
up
88.9%
up
88.9%
gonna
88.8%
gonna
88.8%
gonna
88.8%
gonna
88.8%
gonna
88.8%
kill
88.7%
kill
88.7%
one
88.4%
fourth
88.4%
fourth
88.4%
that
88.3%
that
88.3%
that
88.3%
that
88.3%
read
88.1%
else
88.1%
else
88.1%
someone
87.7%
someone
87.7%
see
87.3%
see
87.3%
middle
87.2%
middle
87.2%
books
87.1%
down
87.1%
down
87.1%
with
86.9%
with
86.9%
world
86.7%
sixth
86.7%
world
86.7%
sixth
86.7%
sixth
86.7%
worst
86.5%
worst
86.5%
yourself
86.4%
yourself
86.4%
fifth
85.7%
fifth
85.7%
them
85.6%
them
85.6%
them
85.6%
little
85.3%
little
85.3%
fixed
85.2%
fixed
85.2%
splits
84.8%
splits
84.8%
knows
83.6%
best
83.1%
shows
82.9%
watched
82.7%
way
82.4%
going
81.7%
watch
81.7%
going
81.7%
going
81.7%
have
81.3%
% Correct
have
81.3%
it
80.8%
it
80.8%
may
80.7%
may
80.7%
through
80.1%
through
80.1%
through
80.1%
separation
79.1%
separation
79.1%
separation
79.1%
to
78.7%
but
76.3%
all
76.3%
all
76.3%
all
76.3%
things
75.6%
things
75.6%
things
75.6%
desperation
75.5%
desperation
75.5%
desperation
75.5%
doing
75.2%
doing
75.2%
doing
75.2%
these
72.7%
these
72.7%
take
72.5%
take
72.5%
take
72.5%
in
72.4%
messed
68.4%
messed
68.4%
its
68.1%
its
68.1%
wont
66.9%
not
66.1%
not
66.1%
mind
64.8%
from
63.9%
smoke
62.5%
anything
62.3%
ever
61.2%
meditate
61.1%
seperation
60%
ok
58.4%
say
56.7%
past
55.2%
lifes
54.1%
now
53.7%
than
52.8%
better
52.7%
smile
50.3%
lie
50.1%
fake
49.3%
drink
49.2%
hypnotized
48.9%
soul
48.1%
heal
47.9%
well
47.7%
too
47.7%
well
47.7%
around
46.7%
friends
45.6%
reached
45.6%
admitt
45.3%
admitt
45.3%
tell
44.5%
cards
44.4%
thats
43.9%
get
42.8%
over
42.8%
strangers
42.5%
arm
41.7%
theres
41.3%
hit
41.2%
stones
40.7%
only
40.4%
anyone
40.1%
hesitation
39.7%
back
39.3%
starting
38.9%
gems
38.8%
finding
37.9%
closure
37.9%
tarot
37.6%
throw
36.5%
without
36.5%
who'll
32.4%
youd
30.9%
stuff
28.7%
toll
26%
believeing
12.1%
Quiz Playlist
Details
Report
Send in Message
Add To Playlist
Classic:
Type in answers that appear in a list
Last Updated: Feb 16, 2017
Quiz Scoreboard
CHALLENGE
Sign Up to Join the Scoreboard
Show All
Scores
Hide
Comments
May contain spoilers
Recently Published
Colored Red Africa Blitz
by spor1
Geography
30s
Find the 'City' Movie
by crazypaving
Movies
60s
5x2 Blitz: Bands
by SL_Kpop136
Music
30s
More to Explore
Quiz From the Vault
Featured Blog Post
14 Easter Pick-up Lines to Find Eggs With
hide this ad
You Might Also Like...
Tags
Lyrics Quiz
The Script
Today's Top Quizzes in Music
Browse Music
hide this ad
Today's Top Quizzes in Lyrics
Browse Lyrics
Top Contributed Quizzes in Music
1
5X2 Blitz: Bands II
2
5X2 Blitz: The Beatles
3
Taylor Swift All Songs (2024)
4
5X2 Blitz: Billboard
5
Taylor Swift Logic Puzzle II
6
5X2 Blitz: Billboard II
7
5X2 Blitz: Singers
8
5X2 Blitz: Album
9
5X2 Blitz: Rock
10
5X2 Blitz: Lyrics
Explore More
Trending Topics
Kpop
Anime
NBA
Disney
Marvel
Harry Potter
Crossword
Country
Soccer
WWE
NFL
Puzzle
Pokémon
The Office
Song
hide this ad
More By:
rockford1111
Quiz
Plays
Rating
Category
Featured
Created
Six Degrees Of Separartion Lyrics
750
1.67
Music
Nov 17, 2012
Guess the Taylor Swift song titles from the lyrics
430
3.00
Music
Nov 6, 2012
Name the musical these songs are from
23
3.00
Music
Nov 17, 2012
Go to Creator's Profile
Score Distribution
Quiz Creator Spotlight
rockford1111
Follow
Send a Message
Quizzes Created
-
Created Quiz Play Count
-
More By This Creator
Popular Quizzes Today
1
Colored Red Africa Blitz
2
Find the 'City' Movie
3
5x2 Blitz: Bands
4
Find the US States - No Outlines Minefield
5
The Countries of the World
6
Find the US States
7
US States
8
Find the Countries of Europe - No Outlines Minefield
More Music Quizzes
Tiny BTS Music Videos
Quiz Lab
Trending Quizzes
Colored Red Europe Blitz I
Colored Red Europe Blitz II
Colored Red Africa Blitz II
Colored Red Europe Blitz III
Colored Red Africa Blitz III
Recently Updated
How Do You Spell That?
pecheneg
Godzilla Movies
pecheneg
Grab Bag: 4-10 Letters
pecheneg
2024 March Madness Bracket
pecheneg
Famous TV Couples
Peacemaker
Champions League XIs: Real Madrid
pecheneg
Largest US Cities 1790-2010
pecheneg
Rides in Walt Disney World
pecheneg
Most Oscar Losses (Acting)
pecheneg
Beyoncé Albums
pecheneg
Trending Topics
Anime
Crossword
NBA
Harry Potter
Kpop
Disney
Marvel
WWE
The Office
Puzzle
Soccer
Song
NFL
Pokémon
Country
Your Account Isn't Verified!
In order to create a playlist on Sporcle, you need to verify the email address you used during registration. Go to your
Sporcle Settings
to finish the process.
Report this User
Report this user for behavior that violates our
Community Guidelines
.
Details:
Send Report
Go to the Sporcle.com Mobile Site →
Comments